000 00588ntaaa2200229 4500
003 01
005 20251027201524.0
008 0714s1973 ag 01
020 _a0829720294
040 _aAR-BaBN
_bspa
_cAR-BaBN
_eaacr
_dRIC
082 _a248.3200 Ea7a
100 _aEastman, Dick
_913801
245 _aEl amor de rodillas
250 _a1 ed.
260 _aDeerfield :
_bVida,
_c1995
300 _a224 p ;
_c17,5 cm
500 _aEl ministerio de intercesión
650 _aOracion Intercesora
_913802
650 _aIntercesión
_913803
700 _aLea, Larry
_913804
942 _cBK
999 _c9782
_d9782